| 000 | 00671nam a2200169Ia 4500 | ||
|---|---|---|---|
| 008 | 090711s9999 xx 000 0 und d | ||
| 082 | _b46429 | ||
| 100 | _aकेळकर अशोक रा. | ||
| 245 | _aवैखरी भाषा आणि भाषाव्यवहार | ||
| 260 |
_bमॅजेस्टीक प्रकाशन _c1983 |
||
| 300 | _a295 | ||
| 600 | _aकेळकर अशोक रा. | ||
| 630 | _aवैखरी भाषा आणि भाषाव्यवहार | ||
| 700 | _aकेळकर अशोक रा. | ||
| 730 | _aवैखरी भाषा आणि भाषाव्यवहार | ||
| 942 | _cBOOK | ||
| 999 |
_c331286 _d331286 |
||